Bilecik Bilecik Bilecik Bilecik Bilecik

Tarihde usul/ (Record no. 34347)

MARC details
000 -BAŞLIK
Sabit Uzunluktaki Kontrol Alanı 01243nam a22003617a 4500
001 - KONTROL NUMARASI
Control Dosyası 0034435
003 - KONTROL NUMARASI KİMLİĞİ
Kontrol Alanı KOHA_MİRAKIL
005 - EN SON İŞLEM TARİHİ ve ZAMANI
Kontrol Alanı 20260207002918.0
007 - FİZİKSEL TANIM SABİT ALAN - GENEL BİLGİ
Sabit uzunluklu kontrol alanı ta
008 - SABİT UZUNLUKTAKİ VERİ ÖGELERİ - GENEL BİLGİ
Sabit Alan 111219b1950 tu |||gr||||#||||0|tur |
040 ## - KATALOGLAMA KAYNAĞI
Özgün Kataloglama Kurumu TR-BiSEU
Kataloglama Dili tur
Çeviri Kurumu TR-BiSEU
Açıklama Kuralları rda
041 0# - DİL KODU
Metin ya da ses kaydının dil kodu tur
044 ## - YAYINLAYAN/ÜRETEN KURULUŞUN ÜLKE KODU
ISO country code tu
050 ## - SINIFLAMA ve YER NUMARASI
Sınıflama Numarası D16
Yer Numarası .T64 1950
100 1# - KİŞİ ADI
Yazar Adı (Kişi adı) Togan, Ahmed Zeki Velidi.
245 1# - ESER ADI BİLDİRİMİ
Başlık Tarihde usul/
Sorumluluk Bildirimi Ahmed Zeki Velidi Togan ; A. Zeki Velidi Togan.
264 #1 - ÜRERİM, YAYIN, DAĞITIM ve TELİF BİLDİRİMİ
Yayın yeri İstanbul :
Yayınlayan İstanbul Üniverstitesi Edebiyat Fakültesi yayınları
Yayın tarihi 1950
300 ## - FİZİKSEL TANIMLAMA
Sayfa, Cilt vb. xxxi, 373 s. ;
Boyutları 25 cm.
336 ## - İÇERİK TÜRÜ
Content type term metin
Content type code txt
Source rdacontent
337 ## - MEDYA TÜRÜ
Media type term aracısız
Media type code n
Source rdamedia
338 ## - TAŞIYICI TÜRÜ
Carrier type term cilt
Carrier type code nc
Source rdacarrier
490 0# - DİZİ BİLDİRİMİ
Dizi Bildirimi Umum̂ı Türk tarihi yayınlarından, no.
490 0# - DİZİ BİLDİRİMİ
Dizi Bildirimi 1 Tarih araştirmalari, no.
490 0# - DİZİ BİLDİRİMİ
Dizi Bildirimi 1 İstanbul Üniverstitesi Edebiyat Fakültesi yayınlarından, no.
490 0# - DİZİ BİLDİRİMİ
Dizi Bildirimi 449
650 #0 - KONU BAŞLIĞI EK GİRİŞ - KONU TERİMİ
Konusal terim veya coğrafi ad Tarih--Methodoloji.
9 (RLIN) 66428
650 #0 - KONU BAŞLIĞI EK GİRİŞ - KONU TERİMİ
Konusal terim veya coğrafi ad History--Methodology.
9 (RLIN) 42711
830 0# - SERİ EK GİRİŞİ - TEKBİÇİM ESER ADI
Tekbiçim Başlık Umum̂ı Türk tarihi yayınlarından, no.
9 (RLIN) 66429
830 0# - SERİ EK GİRİŞİ - TEKBİÇİM ESER ADI
Tekbiçim Başlık 1 Tarih araştirmalari, no.
9 (RLIN) 66430
830 0# - SERİ EK GİRİŞİ - TEKBİÇİM ESER ADI
Tekbiçim Başlık 1 İstanbul Üniverstitesi Edebiyat Fakültesi yayınlarından, no.
9 (RLIN) 66431
830 0# - SERİ EK GİRİŞİ - TEKBİÇİM ESER ADI
Tekbiçim Başlık 449
9 (RLIN) 41642
942 ## - EK GİRİŞ ÖGELERİ (KOHA)
Source of classification or shelving scheme Library of Congress Classification
Koha item type Book
Holdings
Materyal Türü Kalıcı Konum Mevcut Konum Raf Yeri Sınıflandırma Kaynağı Edinim Bilgisi Ana Konular Alt Konular Yer Numarası Demirbaş Numarası Fatura Tarihi Geri Çekilme Durumu Kayıp Durumu Hasarlı Durumu Kredi için değil Kayıt Tarih Toplam Ödünçverme Son Görülme Tarihi Son Kontrol Tarihi Genel / Bağış Notu
Book Prof. Dr. Azmi Özcan Kütüphanesi Prof. Dr. Azmi Özcan Kütüphanesi Uluğbey Salonu Library of Congress Classification Bağış DÜNYA TARİHİ (AVRUPA, ASYA, AFRİKA VB.) Tarih (Genel) D16 .T64 1950 0034435 02/02/2026         19/12/2011 9 05/12/2024 05/12/2024 Genel Bağış